| 000 | 00628nam a2200217 a 4500 | ||
|---|---|---|---|
| 001 | BRL_681 | ||
| 005 | 20190320210842.0 | ||
| 008 | 240913s1956----gw-ap#####---#000-0#ger-# | ||
| 041 | _ager | ||
| 044 | _agw | ||
| 050 | 4 |
_aDD232 _b.N48 1956 |
|
| 100 | 1 |
_aNeven-DuMont, Jürgen _924639 |
|
| 245 | 1 | 0 |
_aDenk ich an Deutschland _bein kommentar in bild und wort _cvon Jürgen Neven und Michael Mansfeld. |
| 260 |
_aMünchen _bVerlag Kurt Desch _c1956 |
||
| 300 |
_a87 p. _bil. _c32 cm. |
||
| 500 | _aAu739 | ||
| 651 | 4 |
_aAlemania _xHistoria _ySiglo XX _924640 |
|
| 700 | 1 |
_aMansfeld, Michael _924641 |
|
| 902 | _aGRL | ||
| 942 |
_2lcc _cB |
||
| 999 |
_c9493 _d9493 |
||